<?xml version="1.0" encoding="UTF-8"?>
<record
    xmlns:xsi="http://www.w3.org/2001/XMLSchema-instance"
    xsi:schemaLocation="http://www.loc.gov/MARC21/slim http://www.loc.gov/standards/marcxml/schema/MARC21slim.xsd"
    xmlns="http://www.loc.gov/MARC21/slim">

  <leader>01626nam a2200145   4500</leader>
  <controlfield tag="008">739.22 M722p</controlfield>
  <datafield tag="020" ind1=" " ind2=" ">
    <subfield code="a">9789968530361</subfield>
  </datafield>
  <datafield tag="082" ind1=" " ind2=" ">
    <subfield code="a">739.22</subfield>
    <subfield code="b">M722p</subfield>
  </datafield>
  <datafield tag="100" ind1=" " ind2=" ">
    <subfield code="a">Molina Mu&#xF1;oz, Priscilla</subfield>
    <subfield code="9">6493</subfield>
  </datafield>
  <datafield tag="245" ind1=" " ind2=" ">
    <subfield code="a">Piezas extraordinarias del Museo de Oro Precolombino del BCCR:</subfield>
    <subfield code="b">una aproximaci&#xF3;n a la iconograf&#xED;a ind&#xED;gena en la metalurgia precolombina</subfield>
  </datafield>
  <datafield tag="260" ind1=" " ind2=" ">
    <subfield code="a">San Jos&#xE9;, C.R.</subfield>
    <subfield code="b">Fundaci&#xF3;n Museos Banco Central de Costa Rica</subfield>
    <subfield code="c">2017</subfield>
  </datafield>
  <datafield tag="300" ind1=" " ind2=" ">
    <subfield code="a">104 p.</subfield>
    <subfield code="b">ill. (col)</subfield>
    <subfield code="c">23 x 17 cm</subfield>
  </datafield>
  <datafield tag="505" ind1=" " ind2=" ">
    <subfield code="t">El Museo de Oro Precolombino de los Museos de Banco Central</subfield>
    <subfield code="t">La metalurgia precolombina</subfield>
    <subfield code="t">Piezas extraordinarias: representaciones iconogr&#xE1;ficas</subfield>
    <subfield code="t">Llamados de la tierra: figuras de animales</subfield>
    <subfield code="t">Transportadoras de almas: las aves</subfield>
    <subfield code="t">Creadores de la tierra: los murci&#xE9;lagos</subfield>
    <subfield code="t">Reencarnaciones femeninas: las mariposas</subfield>
    <subfield code="t">Piedras m&#xE1;gicas: las ara&#xF1;as</subfield>
    <subfield code="t">Cuidadores de cuerpos: las ranas y los sapos</subfield>
    <subfield code="t">Seres con dualidad: las tortugas</subfield>
    <subfield code="t">Protectores: los lagartos</subfield>
    <subfield code="t">Animales de la creaci&#xF3;n del mar: las langostas y los peces</subfield>
    <subfield code="t">Auxiliares de Sib&#xFA;: los cangrejos</subfield>
    <subfield code="t">Reyes de los animales de caza: los venados</subfield>
    <subfield code="t">La mano de tigre: los felinos</subfield>
    <subfield code="t">El hombre y sus representaciones: figuras humanas</subfield>
    <subfield code="t">Poderes m&#xED;sticos: Los chamanes y sus transformaciones</subfield>
    <subfield code="t">Autosacrificios: pr&#xE1;cticas rituales con especialistas</subfield>
    <subfield code="t">Las semillas de j&#xED;caro: Los m&#xFA;sicos y los cantores</subfield>
    <subfield code="t">Indumentarias significativas: decoraciones corporales</subfield>
    <subfield code="t">Facetas solares: los discos</subfield>
    <subfield code="t">Evocaciones de movimientos, sonido y luz: uso de placas</subfield>
    <subfield code="t">Diversidad de la indumentaria: otros colgantes</subfield>
    <subfield code="t">Bibliograf&#xED;a</subfield>
  </datafield>
  <datafield tag="650" ind1=" " ind2=" ">
    <subfield code="x">arte precolombino</subfield>
    <subfield code="x">metalurgia - oro</subfield>
    <subfield code="x">cosmolog&#xED;a</subfield>
    <subfield code="x">iconograf&#xED;a</subfield>
    <subfield code="x">Costa Rica</subfield>
    <subfield code="9">6494</subfield>
  </datafield>
  <datafield tag="999" ind1=" " ind2=" ">
    <subfield code="c">1540</subfield>
    <subfield code="d">1540</subfield>
  </datafield>
  <datafield tag="952" ind1=" " ind2=" ">
    <subfield code="0">0</subfield>
    <subfield code="1">0</subfield>
    <subfield code="2">ddc</subfield>
    <subfield code="4">0</subfield>
    <subfield code="7">0</subfield>
    <subfield code="a">LV</subfield>
    <subfield code="b">LV</subfield>
    <subfield code="c">Monograf&#xED;as</subfield>
    <subfield code="d">2018-07-07</subfield>
    <subfield code="l">0</subfield>
    <subfield code="o">739.22 M722p</subfield>
    <subfield code="p">004620</subfield>
    <subfield code="r">2018-07-07 00:00:00</subfield>
    <subfield code="w">2018-07-07</subfield>
    <subfield code="y">01</subfield>
  </datafield>
</record>
